Представление документа в формате MARC21

Поле Инд. ПП Название Значение
Тип записи a
Библиографический уровень b
001 Контрольный номер RU/IS/BASE/290009781
005 Дата корректировки 20200608194411.4
008 Кодируемые данные 20090310
040 b Код языка каталог. rus
e Правила каталог. PSBO
041 0_ a Код языка текста rus
084 a Индекс другой классификации/Индекс ББК 83.3(2=411.2)5
100 1_ a Автор Нестерова Т. П.
245 10 a Заглавие Мирообраз античной мифологии в русской исторической поэзии первой трети XIX века
504 a Библиография Библиогр.: с. 101
650 14 a Основная рубрика история литературы
a Основная рубрика литературоведение
a Основная рубрика филологические науки
653 0_ a Ключевые слова XIX век
a Ключевые слова античная мифология
a Ключевые слова античная тематика
a Ключевые слова поэзия
a Ключевые слова Россия
773 08 t Заглавие источника Вестник Московского университета. Серия 9, Филология
d Дата издания источника 2008
g Прочая информация № 5. - С. 96 - 101
w Контрольный № источника RU/IS/BASE/288361571
901 t Тип документа b